Kosovo - sledujme aj svoj záujem

Súčasná situácia v Kosove. Názory P. Weissa na vzťah Slovenska ako člena EÚ a NATO k riešeniu otázky nezávislosti Kosova.

Gespeichert in:
Bibliographische Detailangaben
1. Verfasser: Weiss, Peter
Format: Buchkapitel
Sprache:Slowakisch
Schlagworte:
Tags: Tag hinzufügen
Keine Tags, Fügen Sie das erste Tag hinzu!

MARC

LEADER 00000naa$a2200000$$$4500
001 0052988
005 20240502071618.1
041 0 |a slo 
044 |a SK 
245 1 0 |a Kosovo - sledujme aj svoj záujem  |c Peter Weiss 
520 |a Súčasná situácia v Kosove. Názory P. Weissa na vzťah Slovenska ako člena EÚ a NATO k riešeniu otázky nezávislosti Kosova. 
610 2 0 |a Balkán 
610 2 0 |a nezávislosť 
610 2 0 |a Kosovo 
610 2 0 |a Slovensko 
610 2 0 |a pomoc rozvojová 
610 2 0 |a vzťahy politické medzinárodné 
100 1 |a Weiss, Peter